000 00771nam a2200205 i 4500
001 189441
003 ES-MaACL
005 20230906223456.0
008 190603s1974 sp |||| | spa d
100 1 _aMoule, Charles Francis Digby.
_983857
245 1 3 _aEl nacimiento del Nuevo Testamento /
_cCh. F. Digby Moule ; [tradujo Ramón Valdés del Toro].
260 _aEstella [Navarra] :
_bVerbo Divino,
_c1974.
300 _a404 p. ;
_c19 cm.
490 1 _aColección "Biblia y Kerygma". Temas de Pastoral Bíblica ;
_v16
630 0 4 _aBiblia-
_xIntroducciones.
_9167053
700 0 _aValdés del Toro, Ramón.
_9112520
830 0 _aColección "Biblia y Kerygma". Temas de Pastoral Bíblica ;
_v16
_9183845
852 _aES-MaACL
_jP-565-Bis-16
999 _c189441
_d189441